LEADER 02073oam 2200517M 450 001 9910716282503321 005 20200213071018.7 035 $a(CKB)5470000002519297 035 $a(OCoLC)1065665599 035 $a(OCoLC)995470000002519297 035 $a(EXLCZ)995470000002519297 100 $a20071213d1926 ua 0 101 0 $aeng 135 $aurcn||||||||| 181 $ctxt$2rdacontent 182 $cc$2rdamedia 183 $acr$2rdacarrier 200 10$aAir Commerce Act of 1926. Mr. Bingham submitted the following conference report on Bill (S. 41) to encourage and regulate the use of aircraft in commerce, and for other purposes. May 10, 1926. -- Ordered to be printed 210 1$a[Washington, D.C.] :$c[U.S. Government Printing Office],$d1926. 215 $a1 online resource (9 pages) 225 1 $aSenate document / 69th Congress, 1st session. Senate ;$vno. 108 225 1 $a[United States congressional serial set ] ;$v[serial no. 8558] 300 $aBatch processed record: Metadata reviewed, not verified. Some fields updated by batch processes. 300 $aFDLP item number not assigned. 517 $aAir Commerce Act of 1926. Mr. Bingham submitted the following conference report on Bill 606 $aAeronautics 606 $aEconomic development 606 $aLegislative amendments 606 $aRegulations 606 $aResearch 608 $aLegislative materials.$2lcgft 615 0$aAeronautics. 615 0$aEconomic development. 615 0$aLegislative amendments. 615 0$aRegulations. 615 0$aResearch. 701 $aBingham$b Hiram$f1875-1956$pRepublican (CT)$0463205 801 0$bWYU 801 1$bWYU 801 2$bOCLCO 801 2$bOCLCQ 801 2$bOCLCO 906 $aBOOK 912 $a9910716282503321 996 $aAir Commerce Act of 1926. Mr. Bingham submitted the following conference report on Bill (S. 41) to encourage and regulate the use of aircraft in commerce, and for other purposes. May 10, 1926. -- Ordered to be printed$93510535 997 $aUNINA LEADER 01264cam a2200265 4500 001 991003163429707536 005 20250430130142.0 008 950622s1558 it b 000 0 ita 035 $ab14291009-39ule_inst 035 $aCICOGNARA-4384$9ExL 040 $aBibl. Interfacoltà T. Pellegrino$bita 110 1 $aVenezia (repubblica)$032791 240 10$aLeggi, ecc.$9(Venezia (repubblica))$91390997 245 13$aIl summario di tutte le leggi et parti ottenute nel illustrissimo et serenissimo Senato in materia delli beni inculti. 260 $aVenetia,$bPer Gio. Griffio,$c1558. 300 $a47 f. non num.; $c15 cm. 500 $aRiproduzione in microfiche dell'originale conservato presso la Biblioteca Apostolica Vaticana 787 18$iLeopoldo Cicognara Program :$tBiblioteca Cicognara$h[microform] : literary sources in the history of art and kindred subjects 787 18$tCatalogo ragionato dei libri d'arte e d'antichità / Leopoldo Cicognara 907 $a.b14291009$b01-04-22$c28-07-16 912 $a991003163429707536 945 $aLE002 SB Raccolta Cicognara, mcrf 3809(2)$g0$lle002$pE0.00$rn$so $t11$u0$v0$w0$x0$y.i1576235x$z28-07-16 996 $aLeggi, ecc$91390997 997 $aUNISALENTO 998 $ale002$b28-07-16$cm$dg $e-$fita$git $h3$i1